LEADER 01301nam0 22003011i 450 001 VAN0011397 005 20070209120000.0 010 $a88-14-04016-8 100 $a20030122d1993 |0itac50 ba 101 $aita 102 $aIT 105 $a|||| ||||| 200 1 $aˆL'‰affaire Perrier$ela regolamentazione del mercato finanziario e la nuova disciplina delle offerte pubbliche in Francia$ericerche e materiali di mercato$fStefano Mogini, Alessandro Munari 210 $aMilano$cGiuffrè$d1993 215 $aXVI, 434 p.$d25 cm. 410 1$1001VAN0005023$12001 $aQuaderni di giurisprudenza commerciale$1210 $aMilano$cGiuffrè.$v139 606 $aMercati finanziari$xRegolamentazione$xFrancia$3VANC006151$2FI 620 $dMilano$3VANL000284 676 $a346.4409$v21 700 1$aMogini$bStefano$3VANV008581$0405874 701 1$aMunari$bAlessandro$3VANV004378$0229564 712 $aGiuffrè $3VANV109181$4650 801 $aIT$bSOL$c20230616$gRICA 899 $aBIBLIOTECA DEL DIPARTIMENTO DI GIURISPRUDENZA$1IT-CE0105$2VAN00 912 $aVAN0011397 950 $aBIBLIOTECA DEL DIPARTIMENTO DI GIURISPRUDENZA$d00CONS VI.Eo.1 $e00 4341 139 20030122 $sBuono 996 $aAffaire Perrier$9575411 997 $aUNICAMPANIA LEADER 01092nam0 22002893i 450 001 VAN0063341 005 20080312120000.0 010 $a978-88-348-7488-2 100 $a20080312d2007 |0itac50 ba 101 $aita 102 $aIT 105 $a|||| ||||| 200 1 $aˆL'‰obbligazione e il contratto$fFrancesco Macioce 205 $a2. ed 210 $aTorino$cG. Giappichelli$dc2007 215 $axv, 262 p.$d24 cm. 410 1$1001VAN0044574$12001 $aˆLe ‰istituzioni del diritto privato$1210 $aTorino$cGiappichelli.$v2 606 $aobbligazione$3VANC024490$2FI 620 $dTorino$3VANL000001 700 1$aMacioce$bFrancesco$3VANV046957$0228873 712 $aGiappichelli $3VANV107921$4650 801 $aIT$bSOL$c20230707$gRICA 899 $aBIBLIOTECA DEL DIPARTIMENTO DI GIURISPRUDENZA$1IT-CE0105$2VAN00 912 $aVAN0063341 950 $aBIBLIOTECA DEL DIPARTIMENTO DI GIURISPRUDENZA$d00CONS XV.Ee.123 $e00 36825 20080312 996 $aObbligazione e il contratto$9988728 997 $aUNICAMPANIA